000 00408nam a2200169Ia 4500
008 230524s9999 xx 000 0 und d
020 _a8188429112
082 _a4
_bVAR
100 _aPVN Varalaxmi
245 0 _aVisual Basic Programming for Begineers
250 _a1ST
260 _aNEW DELHI
_bScitech
_c2003
300 _aVIII;106
500 _aQuantity Number: 1
650 _aComp-Sc
942 _cBK
999 _c26194
_d26194